[Event "España tch División de Honor 2014"]
[Site "Linares ESP"]
[Date "2014.09.04"]
[Round "1.1"]
[White "Rakhmanov, Aleksandr"]
[Black "Iturrizaga Bonelli, Eduardo"]
[Result "1/2-1/2"]
[WhiteElo "2626"]
[BlackElo "2660"]
[PlyCount "147"]
[EventDate "2014.09.04"]
[EventType "team-tourn"]
[EventRounds "7"]
[EventCountry "ESP"]
[Source "lmi"]
[SourceDate "2014.09.04"]
[WhiteTeam "ESCOLA D'ESCACS DE BARCELONA"]
[BlackTeam "EQUIGOMA -  CASA SOCIAL CATOLICA"]

1. d4 Nf6 2. c4 e6 3. Nc3 Bb4 4. e3 O-O 5. Bd3 d5 6. cxd5 exd5 7. a3 Bd6 8. Nb5
Be7 9. Qc2 a6 10. Nc3 c5 11. dxc5 Bxc5 12. Nce2 Ba7 13. Bd2 Nc6 14. Bc3 Re8 15.
Rd1 d4 16. exd4 Bg4 17. h3 Bh5 18. Kf1 Qd5 19. Qd2 Bb8 20. Re1 Bc7 21. f3 Rad8
22. Nf4 Bxf4 23. Qxf4 Bg6 24. Bxg6 hxg6 25. Ne2 Qb3 26. Kf2 Nd5 27. Qd2 Nxc3
28. Qxc3 Qb5 29. h4 Re6 30. b4 Qb6 31. Qc5 Qxc5 32. bxc5 Nxd4 33. Nxd4 Rxe1 34.
Rxe1 Rxd4 35. Re8+ Kh7 36. Re7 Rc4 37. Rxf7 Rxc5 38. Rxb7 Rc3 39. Kg3 Rxa3 40.
Ra7 Ra2 41. f4 Kh6 42. Ra8 Kh7 43. Kf3 Ra3+ 44. Kg4 Ra2 45. g3 Ra3 46. Rc8 Ra5
47. Rc6 Ra4 48. h5 gxh5+ 49. Kxh5 Ra5+ 50. Kh4 g6 51. g4 Kg7 52. Rc7+ Kf6 53.
g5+ Kf5 54. Rf7+ Ke4 55. Kg4 Ra1 56. Re7+ Kd5 57. Re5+ Kd6 58. Re4 Rg1+ 59. Kf3
Rf1+ 60. Kg2 Rc1 61. Ra4 Rc6 62. Kf3 Kc5 63. Ra1 Kb4 64. Rb1+ Ka3 65. Ke4 a5
66. f5 gxf5+ 67. Kxf5 a4 68. g6 Ka2 69. Rg1 a3 70. g7 Rc8 71. g8=Q+ Rxg8 72.
Rxg8 Kb2 73. Rb8+ Kc1 74. Ra8 1/2-1/2

[Event "España tch División de Honor 2014"]
[Site "Linares ESP"]
[Date "2014.09.04"]
[Round "1.1"]
[White "Cruz, Cristhian"]
[Black "Arizmendi Martinez, Julen Luis"]
[Result "1/2-1/2"]
[WhiteElo "2569"]
[BlackElo "2544"]
[PlyCount "66"]
[EventDate "2014.09.04"]
[EventType "team-tourn"]
[EventRounds "7"]
[EventCountry "ESP"]
[Source "lmi"]
[SourceDate "2014.09.04"]
[WhiteTeam "ESCOLA D'ESCACS DE BARCELONA"]
[BlackTeam "EQUIGOMA -  CASA SOCIAL CATOLICA"]

1. c4 e6 2. d4 Nf6 3. Nc3 Bb4 4. e3 O-O 5. Bd3 d5 6. Nf3 b6 7. O-O Bb7 8. a3
Bd6 9. cxd5 exd5 10. b4 a6 11. Rb1 Qe7 12. Qb3 Nbd7 13. a4 Rfe8 14. b5 axb5 15.
axb5 Ne4 16. Nxd5 Bxd5 17. Qxd5 Nc3 18. Qc4 Nxb1 19. Bxb1 Nf6 20. Bb2 Qe6 21.
Qc2 Qd5 22. Re1 Qxb5 23. e4 Qa4 24. Qc1 Bb4 25. Re3 c5 26. d5 Ng4 27. Re2 Ba3
28. d6 Nf6 29. e5 Bxb2 30. Qxb2 Nd7 31. Re1 g6 32. Be4 Qa2 33. Qc1 Rad8 1/2-1/2

[Event "España tch División de Honor 2014"]
[Site "Linares ESP"]
[Date "2014.09.04"]
[Round "1.1"]
[White "Castellanos Rodriguez, Renier"]
[Black "Gual Pascual, Antonio"]
[Result "1/2-1/2"]
[WhiteElo "2465"]
[BlackElo "2447"]
[PlyCount "76"]
[EventDate "2014.09.04"]
[EventType "team-tourn"]
[EventRounds "7"]
[EventCountry "ESP"]
[Source "lmi"]
[SourceDate "2014.09.04"]
[WhiteTeam "EQUIGOMA -  CASA SOCIAL CATOLICA"]
[BlackTeam "ESCOLA D'ESCACS DE BARCELONA"]

1. e4 g6 2. d4 Bg7 3. Nf3 d6 4. c3 Nf6 5. Bd3 O-O 6. O-O Nc6 7. Re1 e5 8. h3
Nd7 9. Bg5 Qe8 10. Na3 a6 11. Nc2 h6 12. Bh4 Nb6 13. a4 a5 14. Bb5 Bd7 15. dxe5
Nxe5 16. Nxe5 Qxe5 17. Nd4 Bxb5 18. Nxb5 Qc5 19. Rb1 Rfe8 20. Bg3 Be5 21. Bxe5
dxe5 22. Qb3 Rad8 23. Rbd1 Kg7 24. Qc2 c6 25. Na3 Nc4 26. Nxc4 Qxc4 27. b3 Qc5
28. Re3 b5 29. Ra1 Rd6 30. Rd3 Red8 31. Rad1 bxa4 32. bxa4 Qa3 33. Rxd6 Rxd6
34. Rxd6 Qxd6 35. Qe2 Qa3 36. Qc4 Qc1+ 37. Kh2 Qf4+ 38. Kg1 Qc1+ 1/2-1/2

[Event "España tch División de Honor 2014"]
[Site "Linares ESP"]
[Date "2014.09.04"]
[Round "1.1"]
[White "Avila Jimenez, Xavier"]
[Black "Corral Blanco, Juan Antonio"]
[Result "1-0"]
[WhiteElo "2220"]
[BlackElo "2439"]
[PlyCount "71"]
[EventDate "2014.09.04"]
[EventType "team-tourn"]
[EventRounds "7"]
[EventCountry "ESP"]
[Source "lmi"]
[SourceDate "2014.09.04"]
[WhiteTeam "ESCOLA D'ESCACS DE BARCELONA"]
[BlackTeam "EQUIGOMA -  CASA SOCIAL CATOLICA"]

1. d4 Nf6 2. Bg5 e6 3. Nd2 h6 4. Bh4 d5 5. e3 Nbd7 6. Ngf3 g5 7. Bg3 Nh5 8. Be5
Nxe5 9. Nxe5 Nf6 10. Bd3 c5 11. c3 Qb6 12. O-O c4 13. Bc2 Bg7 14. b3 cxb3 15.
axb3 Qc7 16. Rc1 Nd7 17. Nxd7 Bxd7 18. Bd3 Bc6 19. Qh5 O-O-O 20. b4 Kb8 21. b5
Be8 22. c4 dxc4 23. Nxc4 Qe7 24. b6 a6 25. Na5 Qb4 26. Nxb7 Kxb7 27. Qf3+ Rd5
28. Be4 Qd6 29. Rc5 Kxb6 30. Rb1+ Ka7 31. Bxd5 exd5 32. Rxd5 Qc6 33. Qf5 Qe6
34. Qc2 Bb5 35. Qc7+ Ka8 36. Rdxb5 1-0

[Event "España tch División de Honor 2014"]
[Site "Linares ESP"]
[Date "2014.09.04"]
[Round "1.1"]
[White "Guerrero Vargas, Andres"]
[Black "Orteu Capdevila, Max"]
[Result "1/2-1/2"]
[WhiteElo "2303"]
[BlackElo "2080"]
[PlyCount "79"]
[EventDate "2014.09.04"]
[EventType "team-tourn"]
[EventRounds "7"]
[EventCountry "ESP"]
[Source "lmi"]
[SourceDate "2014.09.04"]
[WhiteTeam "EQUIGOMA -  CASA SOCIAL CATOLICA"]
[BlackTeam "ESCOLA D'ESCACS DE BARCELONA"]

1. e4 c5 2. Nf3 d6 3. d4 cxd4 4. Nxd4 Nf6 5. Nc3 a6 6. Be3 e6 7. f4 Be7 8. Qf3
Qc7 9. Bd3 Nbd7 10. g4 g5 11. fxg5 Ne5 12. Qe2 Nfxg4 13. Bd2 h6 14. O-O-O hxg5
15. h3 Nxd3+ 16. cxd3 Ne5 17. Kb1 Bd7 18. Rc1 Bc6 19. Nf3 Nxf3 20. Qxf3 Qd7 21.
Rhe1 Rd8 22. d4 d5 23. e5 Rc8 24. Rg1 Qd8 25. Rcf1 Rf8 26. h4 Qb6 27. Bxg5 Qxd4
28. Bxe7 Kxe7 29. Qf6+ Kd7 30. Rg7 Kc7 31. Rxf7+ Rxf7 32. Qxf7+ Kb8 33. Qf4
Qd3+ 34. Ka1 Rg8 35. Rd1 Qc2 36. h5 Rg2 37. Rb1 Qf5 38. Qxf5 exf5 39. Rd1 Rh2
40. Nb1 1/2-1/2

[Event "España tch División de Honor 2014"]
[Site "Linares ESP"]
[Date "2014.09.04"]
[Round "1.2"]
[White "Bacrot, Etienne"]
[Black "Ivanchuk, Vassily"]
[Result "1/2-1/2"]
[WhiteElo "2729"]
[BlackElo "2726"]
[PlyCount "68"]
[EventDate "2014.09.04"]
[EventType "team-tourn"]
[EventRounds "7"]
[EventCountry "ESP"]
[Source "lmi"]
[SourceDate "2014.09.04"]
[WhiteTeam "GROS XAKE TALDEA"]
[BlackTeam "MERIDA PATRIMONIO DE LA HUMANIDAD"]

1. d4 Nf6 2. c4 e6 3. Nf3 Bb4+ 4. Bd2 Qe7 5. g3 Bxd2+ 6. Qxd2 Nc6 7. b3 d5 8.
Bg2 O-O 9. O-O dxc4 10. bxc4 e5 11. d5 Nb8 12. Nc3 Nbd7 13. Rfd1 h6 14. Qb2 e4
15. Nd4 Nb6 16. Qb3 Bd7 17. Rac1 e3 18. f4 Qc5 19. Ncb5 c6 20. dxc6 bxc6 21.
Qa3 Qh5 22. Nc7 Rac8 23. Qxa7 Na8 24. Nxa8 Rxa8 25. Qc7 Rxa2 26. Qe5 Qxe5 27.
fxe5 Ng4 28. c5 Rc8 29. e6 fxe6 30. Rc2 Ra7 31. Rc3 e5 32. Nc2 Nf2 33. Re1 Nh3+
34. Kh1 Nf2+ 1/2-1/2

[Event "España tch División de Honor 2014"]
[Site "Linares ESP"]
[Date "2014.09.04"]
[Round "1.2"]
[White "Almasi, Zoltan"]
[Black "Van Wely, Loek"]
[Result "1/2-1/2"]
[WhiteElo "2694"]
[BlackElo "2650"]
[PlyCount "74"]
[EventDate "2014.09.04"]
[EventType "team-tourn"]
[EventRounds "7"]
[EventCountry "ESP"]
[Source "lmi"]
[SourceDate "2014.09.04"]
[WhiteTeam "MERIDA PATRIMONIO DE LA HUMANIDAD"]
[BlackTeam "GROS XAKE TALDEA"]

1. Nf3 Nf6 2. g3 d5 3. Bg2 g6 4. c4 c6 5. Qa4 Nbd7 6. cxd5 Nb6 7. Qc2 cxd5 8.
d3 Bg7 9. O-O O-O 10. Nc3 Bg4 11. Qb3 d4 12. Nb5 Ne8 13. Bd2 Be6 14. Qb4 Bd5
15. Rfc1 e5 16. Qa5 a6 17. Na3 Nf6 18. Nc2 e4 19. dxe4 Nxe4 20. Bb4 Nc4 21.
Qxd8 Rfxd8 22. b3 Ne5 23. Nfxd4 Nc6 24. Nxc6 Bxc6 25. Rab1 a5 26. Be1 Nd2 27.
Bxd2 Rxd2 28. Bxc6 bxc6 29. e3 Rb8 30. a3 Rd3 31. b4 a4 32. Rd1 Rbd8 33. Nd4
Rc3 34. Rbc1 Rxc1 35. Rxc1 Bxd4 36. exd4 Rxd4 37. Rc3 Rd2 1/2-1/2

[Event "España tch División de Honor 2014"]
[Site "Linares ESP"]
[Date "2014.09.04"]
[Round "1.2"]
[White "Sokolov, Ivan"]
[Black "Kryvoruchko, Yuriy"]
[Result "0-1"]
[WhiteElo "2646"]
[BlackElo "2708"]
[PlyCount "64"]
[EventDate "2014.09.04"]
[EventType "team-tourn"]
[EventRounds "7"]
[EventCountry "ESP"]
[Source "lmi"]
[SourceDate "2014.09.04"]
[WhiteTeam "GROS XAKE TALDEA"]
[BlackTeam "MERIDA PATRIMONIO DE LA HUMANIDAD"]

1. d4 Nf6 2. c4 e6 3. Nc3 Bb4 4. e3 O-O 5. Bd3 d5 6. a3 Bxc3+ 7. bxc3 dxc4 8.
Bxc4 c5 9. Bb2 Qa5 10. Nf3 cxd4 11. exd4 b6 12. O-O Ba6 13. Bxa6 Qxa6 14. Nd2
Nbd7 15. Re1 Rac8 16. a4 Rfd8 17. c4 Qa5 18. Re3 Nf8 19. Bc3 Qf5 20. Qb3 Ng6
21. Rae1 h5 22. h3 Nh4 23. Rg3 Qf4 24. Qb2 Rc6 25. d5 exd5 26. cxd5 Rxd5 27.
Ne4 Nxe4 28. Rxg7+ Kf8 29. Qb4+ Rcc5 30. f3 Rg5 31. Rxe4 Nxf3+ 32. Kf2 Qg3+ 0-1

[Event "España tch División de Honor 2014"]
[Site "Linares ESP"]
[Date "2014.09.04"]
[Round "1.2"]
[White "Berkes, Ferenc"]
[Black "Franco Alonso, Alejandro"]
[Result "1-0"]
[WhiteElo "2649"]
[BlackElo "2471"]
[PlyCount "83"]
[EventDate "2014.09.04"]
[EventType "team-tourn"]
[EventRounds "7"]
[EventCountry "ESP"]
[Source "lmi"]
[SourceDate "2014.09.04"]
[WhiteTeam "MERIDA PATRIMONIO DE LA HUMANIDAD"]
[BlackTeam "GROS XAKE TALDEA"]

1. d4 d5 2. c4 e6 3. Nc3 Be7 4. cxd5 exd5 5. Bf4 c6 6. f3 Bd6 7. Bxd6 Qxd6 8.
e4 Ne7 9. Qd2 h5 10. O-O-O Qh6 11. Bd3 Qxd2+ 12. Rxd2 Nd7 13. exd5 Nxd5 14.
Nxd5 cxd5 15. Re2+ Kf8 16. Nh3 Nf6 17. Ng5 Bd7 18. h4 g6 19. Kd2 Re8 20. Re5
Bc6 21. Rhe1 a5 22. a3 a4 23. Bb1 Rg8 24. Ba2 Rd8 25. Kc3 Rd7 26. Kb4 Rc7 27.
R1e2 Rd7 28. Bb1 Rc7 29. Bd3 Ne8 30. Nh3 f6 31. Re6 Bd7 32. Nf4 Bxe6 33. Nxe6+
Kf7 34. Nxc7 Nxc7 35. Kxa4 Ne6 36. Rd2 Nxd4 37. Bb1 Ne6 38. Rxd5 Ke7 39. Rb5
Ra8+ 40. Kb4 Rb8 41. Bxg6 Nf4 42. Be4 1-0

[Event "España tch División de Honor 2014"]
[Site "Linares ESP"]
[Date "2014.09.04"]
[Round "1.2"]
[White "Gonzalez De La Torre, Santiago"]
[Black "Illescas Cordoba, Miguel"]
[Result "1/2-1/2"]
[WhiteElo "2450"]
[BlackElo "2617"]
[PlyCount "84"]
[EventDate "2014.09.04"]
[EventType "team-tourn"]
[EventRounds "7"]
[EventCountry "ESP"]
[Source "lmi"]
[SourceDate "2014.09.04"]
[WhiteTeam "GROS XAKE TALDEA"]
[BlackTeam "MERIDA PATRIMONIO DE LA HUMANIDAD"]

1. e4 e5 2. Nf3 Nc6 3. Bb5 Nf6 4. O-O Nxe4 5. Re1 Nd6 6. Nxe5 Be7 7. Bf1 Nxe5
8. Rxe5 O-O 9. d4 Ne8 10. d5 d6 11. Re1 Nf6 12. c4 Nd7 13. Nc3 a5 14. Be3 Nc5
15. b3 Bf6 16. Rc1 Re8 17. Nb5 Bd7 18. Nd4 Bg5 19. Rc3 Bxe3 20. Rcxe3 Rxe3 21.
Rxe3 g6 22. h3 Qf6 23. Nf3 b6 24. Qd4 Kg7 25. g4 h6 26. Kg2 Re8 27. Rxe8 Bxe8
28. h4 g5 29. hxg5 hxg5 30. Kg3 Bd7 31. Qe3 Kh6 32. Bg2 Kg6 33. Bf1 Kh6 34. Bg2
Na6 35. Qd4 Qxd4 36. Nxd4 Nb4 37. a4 Nd3 38. Be4 Nc5 39. Bc2 Kg7 40. f4 gxf4+
41. Kxf4 Kf6 42. g5+ Ke7 1/2-1/2

[Event "España tch División de Honor 2014"]
[Site "Linares ESP"]
[Date "2014.09.04"]
[Round "1.2"]
[White "Korneev, Oleg"]
[Black "Argandona Riveiro, Inigo"]
[Result "1-0"]
[WhiteElo "2581"]
[BlackElo "2434"]
[PlyCount "115"]
[EventDate "2014.09.04"]
[EventType "team-tourn"]
[EventRounds "7"]
[EventCountry "ESP"]
[Source "lmi"]
[SourceDate "2014.09.04"]
[WhiteTeam "MERIDA PATRIMONIO DE LA HUMANIDAD"]
[BlackTeam "GROS XAKE TALDEA"]

1. e4 c5 2. Nf3 g6 3. d4 cxd4 4. Nxd4 Bg7 5. c4 Nc6 6. Be3 Nf6 7. Nc3 O-O 8.
Be2 b6 9. O-O Bb7 10. Qd2 Nxd4 11. Bxd4 e5 12. Bxe5 Nxe4 13. Nxe4 Bxe5 14. Nd6
Bc6 15. Rad1 Qf6 16. b3 Bf4 17. Qd4 Qh4 18. h3 f5 19. c5 Rf6 20. Bb5 Bf3 21.
Rd3 Kg7 22. g3 bxc5 23. Qxf4 Qxf4 24. gxf4 Be2 25. Rd5 Rxd6 26. Rxd6 Bxb5 27.
Re1 Bc6 28. Re7+ Kg8 29. Rf6 Rb8 30. Rff7 c4 31. Rg7+ Kf8 32. Rgf7+ Kg8 33.
Rg7+ Kf8 34. Ref7+ Ke8 35. Rxd7 Bxd7 36. Rg8+ Ke7 37. Rxb8 c3 38. Rb4 Be6 39.
Rb5 Kd6 40. Re5 c2 41. Re1 Bd5 42. Rc1 Be4 43. Kf1 Kc5 44. Ke2 Kb4 45. f3 Kc3
46. fxe4 fxe4 47. b4 Kb2 48. Rxc2+ Kxc2 49. b5 Kc3 50. Ke3 Kb4 51. Kxe4 Kxb5
52. Ke5 Kc4 53. h4 Kd3 54. h5 Ke3 55. h6 a6 56. a3 a5 57. a4 Kd3 58. Kf6 1-0

[Event "España tch División de Honor 2014"]
[Site "Linares ESP"]
[Date "2014.09.04"]
[Round "1.3"]
[White "Harikrishna, Pentala"]
[Black "Narciso Dublan, Marc"]
[Result "1-0"]
[WhiteElo "2725"]
[BlackElo "2524"]
[PlyCount "115"]
[EventDate "2014.09.04"]
[EventType "team-tourn"]
[EventRounds "7"]
[EventCountry "ESP"]
[Source "lmi"]
[SourceDate "2014.09.04"]
[WhiteTeam "C.A. SOLVAY"]
[BlackTeam "C. E.  BARBERA"]

1. d4 Nf6 2. c4 e6 3. Nf3 Bb4+ 4. Nbd2 b6 5. e3 Bb7 6. Bd3 c5 7. dxc5 Bxc5 8.
O-O Be7 9. e4 d6 10. b3 Nbd7 11. Qe2 O-O 12. Bb2 Re8 13. Rad1 Qc7 14. Nd4 a6
15. f4 Bf8 16. Nc2 Rad8 17. Ne3 g6 18. Ng4 Bg7 19. Nxf6+ Bxf6 20. Bxf6 Nxf6 21.
Kh1 Nh5 22. Qg4 Qd7 23. Be2 f5 24. Qg5 Qe7 25. Qxe7 Rxe7 26. Bxh5 gxh5 27. Rfe1
Rg7 28. Re2 Rf8 29. Nf1 fxe4 30. Rxd6 Rxf4 31. Ne3 b5 32. c5 Rc7 33. b4 Kf7 34.
Kg1 Ke7 35. Red2 Rf8 36. Rb6 Ra8 37. a3 Bc8 38. Rd4 Rb7 39. Rbd6 a5 40. Rxe4
axb4 41. axb4 Ra1+ 42. Kf2 Ke8 43. Nd5 Ra2+ 44. Ke3 Rxg2 45. Nb6 Rc7 46. Red4
e5 47. R4d5 Bg4 48. Rxe5+ Re7 49. Rxe7+ Kxe7 50. Nd5+ Kf7 51. Rf6+ Ke8 52. Rf2
Rg1 53. Kd4 Bd7 54. Rf6 Rg2 55. c6 Bg4 56. h4 Rd2+ 57. Kc5 Bh3 58. Rd6 1-0

[Event "España tch División de Honor 2014"]
[Site "Linares ESP"]
[Date "2014.09.04"]
[Round "1.3"]
[White "Vassallo Barroche, Mauricio"]
[Black "Ganguly, Surya Shekhar"]
[Result "0-1"]
[WhiteElo "2424"]
[BlackElo "2614"]
[PlyCount "80"]
[EventDate "2014.09.04"]
[EventType "team-tourn"]
[EventRounds "7"]
[EventCountry "ESP"]
[Source "lmi"]
[SourceDate "2014.09.04"]
[WhiteTeam "C. E.  BARBERA"]
[BlackTeam "C.A. SOLVAY"]

1. d4 Nf6 2. c4 e6 3. Nf3 d5 4. Nc3 Be7 5. Bg5 h6 6. Bh4 O-O 7. e3 b6 8. Qc2
Bb7 9. Bxf6 Bxf6 10. cxd5 exd5 11. g4 c5 12. O-O-O Nc6 13. h4 Nb4 14. Qd2 cxd4
15. exd4 Qc8 16. g5 Nxa2+ 17. Kb1 Nxc3+ 18. bxc3 Qf5+ 19. Qd3 Qxd3+ 20. Bxd3
Be7 21. gxh6 gxh6 22. Rhg1+ Kh8 23. Ne5 Rac8 24. Kb2 Rc7 25. Rde1 Bc8 26. f4
Bf6 27. f5 Rg8 28. Ng4 Bxh4 29. Re2 Rc6 30. Rh2 Bg5 31. Rgh1 Kg7 32. f6+ Bxf6
33. Nxh6 Rh8 34. Bb5 Rc7 35. Nf5+ Kg8 36. Rg2+ Kf8 37. Re1 Be6 38. Ne3 Rg8 39.
Rge2 Rg3 40. Ba4 Bg5 0-1

[Event "España tch División de Honor 2014"]
[Site "Linares ESP"]
[Date "2014.09.04"]
[Round "1.3"]
[White "Adhiban, Baskaran"]
[Black "Alonso Moyano, Jonathan"]
[Result "1-0"]
[WhiteElo "2619"]
[BlackElo "2402"]
[PlyCount "91"]
[EventDate "2014.09.04"]
[EventType "team-tourn"]
[EventRounds "7"]
[EventCountry "ESP"]
[Source "lmi"]
[SourceDate "2014.09.04"]
[WhiteTeam "C.A. SOLVAY"]
[BlackTeam "C. E.  BARBERA"]

1. e4 d5 2. exd5 Qxd5 3. Nc3 Qd6 4. d4 Nf6 5. Nf3 c6 6. h3 Bf5 7. Bc4 Nbd7 8.
O-O h6 9. Ne2 e6 10. Bf4 Qb4 11. Bb3 Be7 12. Ng3 Bh7 13. c3 Qb6 14. Ne5 O-O 15.
Re1 Nxe5 16. Bxe5 Bg6 17. Ne2 Rfe8 18. Nf4 Bf5 19. Qf3 Nd7 20. Nh5 Nxe5 21.
Rxe5 Qd8 22. Qg3 Bf6 23. Nxf6+ Qxf6 24. Rae1 Qg6 25. Qf3 Red8 26. R1e3 Kh8 27.
Qe2 Qf6 28. Rf3 Qh4 29. Qe3 Bg6 30. Bxe6 fxe6 31. Rf4 Qe7 32. Rxe6 Qg5 33. Re5
Re8 34. Rxg5 Rxe3 35. Rxg6 Re7 36. Rg3 Re1+ 37. Kh2 Re2 38. Rf7 Rxb2 39. Rgxg7
Rb8 40. f4 Rxa2 41. Rh7+ Kg8 42. f5 Rf2 43. Rfg7+ Kf8 44. Rxb7 Rxb7 45. Rxb7 a5
46. Rc7 1-0

[Event "España tch División de Honor 2014"]
[Site "Linares ESP"]
[Date "2014.09.04"]
[Round "1.3"]
[White "Guramishvili, Sopiko"]
[Black "Cacho Reigadas, Sergio"]
[Result "0-1"]
[WhiteElo "2393"]
[BlackElo "2511"]
[PlyCount "124"]
[EventDate "2014.09.04"]
[EventType "team-tourn"]
[EventRounds "7"]
[EventCountry "ESP"]
[Source "lmi"]
[SourceDate "2014.09.04"]
[WhiteTeam "C. E.  BARBERA"]
[BlackTeam "C.A. SOLVAY"]

1. d4 g6 2. c4 Bg7 3. g3 c6 4. Bg2 d5 5. Nf3 dxc4 6. Na3 Be6 7. Ng5 Qxd4 8.
Qxd4 Bxd4 9. Nxe6 fxe6 10. Nxc4 Nd7 11. O-O Nb6 12. Na5 O-O-O 13. Bh3 Rd6 14.
Bf4 Bxb2 15. Bxd6 exd6 16. Rab1 Bc3 17. Nc4 Nxc4 18. Bxe6+ Kc7 19. Bxc4 Nf6 20.
Rb3 Be5 21. Rfb1 b5 22. Bd3 a5 23. Rc1 b4 24. e4 Nd7 25. Bb1 Nc5 26. Rf3 Na4
27. Rf7+ Kb6 28. f4 Bd4+ 29. Kf1 Nc3 30. Rd7 Kc5 31. Bd3 a4 32. Ra7 a3 33. Ke1
Kb6 34. Ra6+ Kb7 35. Kd2 Re8 36. Rxc3 Bxc3+ 37. Kc2 g5 38. Ra5 gxf4 39. gxf4
Rf8 40. Rh5 Rxf4 41. Rxh7+ Kb6 42. Kb3 Rf2 43. Bc4 Kc5 44. Bg8 Be5 45. h4 Rb2+
46. Ka4 Kd4 47. Rc7 Rg2 48. Bb3 c5 49. Bd5 Rh2 50. Rh7 Kc3 51. h5 Kb2 52. Bb3
Ka1 53. Rf7 Bd4 54. Rf1+ Kb2 55. Bf7 Rh4 56. Re1 Kc2 57. Bg6 Be5 58. Re2+ Kd3
59. Rg2 Rh1 60. Rg4 c4 61. Kxb4 c3 62. h6 c2 0-1

[Event "España tch División de Honor 2014"]
[Site "Linares ESP"]
[Date "2014.09.04"]
[Round "1.3"]
[White "Ubilava, Elizbar"]
[Black "Bergez, Luc"]
[Result "1/2-1/2"]
[WhiteElo "2480"]
[BlackElo "2353"]
[PlyCount "102"]
[EventDate "2014.09.04"]
[EventType "team-tourn"]
[EventRounds "7"]
[EventCountry "ESP"]
[Source "lmi"]
[SourceDate "2014.09.04"]
[WhiteTeam "C.A. SOLVAY"]
[BlackTeam "C. E.  BARBERA"]

1. d4 Nf6 2. c4 g6 3. Nc3 Bg7 4. e4 d6 5. Be2 O-O 6. Bg5 c5 7. d5 b5 8. cxb5 a6
9. bxa6 Qa5 10. Qd2 Nbd7 11. Nf3 Bxa6 12. Bxa6 Qxa6 13. Qe2 Rfb8 14. Rb1 Ng4
15. Bd2 Rb4 16. Qxa6 Rxa6 17. O-O Bxc3 18. bxc3 Rxe4 19. Rb7 Ngf6 20. Bh6 Rxa2
21. h3 Ra8 22. g4 Nf8 23. Nd2 Rea4 24. c4 R4a7 25. Rfb1 N6d7 26. f3 f6 27. h4
Kf7 28. Kf2 Rxb7 29. Rxb7 Rb8 30. Ra7 Nb6 31. Bxf8 Kxf8 32. g5 Nc8 33. Ra1 Kf7
34. Ke3 f5 35. Kd3 e6 36. dxe6+ Kxe6 37. h5 Ke5 38. hxg6 hxg6 39. Ke3 f4+ 40.
Kd3 Kf5 41. Re1 Nb6 42. Re7 Kxg5 43. Rf7 d5 44. cxd5 Nxd5 45. Ne4+ Kh6 46. Nxc5
g5 47. Rd7 Ne3 48. Ne4 Rb3+ 49. Ke2 Nc4 50. Rd5 g4 51. fxg4 Re3+ 1/2-1/2

[Event "España tch División de Honor 2014"]
[Site "Linares ESP"]
[Date "2014.09.04"]
[Round "1.3"]
[White "Martinez Ramirez, Erik"]
[Black "De La Villa Garcia, Jesus Maria"]
[Result "0-1"]
[WhiteElo "2286"]
[BlackElo "2483"]
[PlyCount "46"]
[EventDate "2014.09.04"]
[EventType "team-tourn"]
[EventRounds "7"]
[EventCountry "ESP"]
[Source "lmi"]
[SourceDate "2014.09.04"]
[WhiteTeam "C. E.  BARBERA"]
[BlackTeam "C.A. SOLVAY"]

1. e4 e6 2. Nf3 d5 3. Nc3 d4 4. Ne2 c5 5. c3 Nf6 6. cxd4 cxd4 7. Nexd4 Nxe4 8.
Nxe6 Bxe6 9. Qa4+ Nc6 10. Qxe4 Qd5 11. Bd3 O-O-O 12. Bb1 Qb5 13. a4 Qa6 14. d3
Bb4+ 15. Bd2 Bxd2+ 16. Nxd2 Qb6 17. b3 Qa5 18. b4 Qg5 19. h4 Qf6 20. b5 Bd5 21.
Qg4+ Kb8 22. bxc6 Rhe8+ 23. Ne4 Qc3+ 0-1

[Event "España tch División de Honor 2014"]
[Site "Linares ESP"]
[Date "2014.09.04"]
[Round "1.4"]
[White "Sargissian, Gabriel"]
[Black "Giri, Anish"]
[Result "1/2-1/2"]
[WhiteElo "2691"]
[BlackElo "2758"]
[PlyCount "109"]
[EventDate "2014.09.04"]
[EventType "team-tourn"]
[EventRounds "7"]
[EventCountry "ESP"]
[Source "lmi"]
[SourceDate "2014.09.04"]
[WhiteTeam "CLUB MAGIC EXTREMADURA"]
[BlackTeam "SESTAO NATURGAS ENERGIA"]

1. d4 Nf6 2. c4 e6 3. Nf3 d5 4. g3 Bb4+ 5. Bd2 Be7 6. Bg2 O-O 7. O-O c6 8. Qc2
Nbd7 9. Bf4 b6 10. b3 Ba6 11. Rd1 Rc8 12. Nc3 h6 13. h3 Nh5 14. Bc1 Nhf6 15.
Bb2 Qc7 16. a4 Rfd8 17. Nd2 c5 18. Nb5 Qb8 19. e4 dxe4 20. Nxe4 cxd4 21. Bxd4
Nxe4 22. Qxe4 Bf6 23. Qe3 Be7 24. Bb2 Bf6 25. Rab1 Bxb2 26. Rxb2 Nc5 27. Rbd2
Rxd2 28. Rxd2 Bxb5 29. axb5 a5 30. bxa6 Nxa6 31. Ra2 Nc5 32. b4 Nd7 33. Ra8 Qc7
34. Qf4 e5 35. Rxc8+ Qxc8 36. Qd2 Qc7 37. h4 Kf8 38. Bh3 Nf6 39. Qe3 Qd6 40. c5
bxc5 41. bxc5 Qd1+ 42. Bf1 Qc2 43. Qxe5 Qxf2+ 44. Kxf2 Ng4+ 45. Kf3 Nxe5+ 46.
Ke4 Nd7 47. Kd5 Ke7 48. Kc6 g6 49. Bh3 f5 50. h5 gxh5 51. Bxf5 Nxc5 52. Kxc5
Kf6 53. Bh3 Kg5 54. Kd4 h4 55. gxh4+ 1/2-1/2

[Event "España tch División de Honor 2014"]
[Site "Linares ESP"]
[Date "2014.09.04"]
[Round "1.4"]
[White "Fressinet, Laurent"]
[Black "Oparin, Grigoriy"]
[Result "1-0"]
[WhiteElo "2712"]
[BlackElo "2540"]
[PlyCount "89"]
[EventDate "2014.09.04"]
[EventType "team-tourn"]
[EventRounds "7"]
[EventCountry "ESP"]
[Source "lmi"]
[SourceDate "2014.09.04"]
[WhiteTeam "SESTAO NATURGAS ENERGIA"]
[BlackTeam "CLUB MAGIC EXTREMADURA"]

1. d4 d5 2. c4 e6 3. Nc3 Be7 4. Nf3 Nf6 5. Bg5 h6 6. Bh4 O-O 7. e3 b6 8. Be2
Bb7 9. Bxf6 Bxf6 10. cxd5 exd5 11. Qb3 Re8 12. O-O Qd6 13. Rfe1 a6 14. Bd3 Nd7
15. e4 dxe4 16. Bxe4 Bxe4 17. Nxe4 Qf4 18. Nc3 c6 19. Qa4 Rxe1+ 20. Rxe1 b5 21.
Qc2 Qd6 22. h3 Rd8 23. a3 Be7 24. b4 a5 25. bxa5 Qxa3 26. d5 Bb4 27. Re3 Qa1+
28. Kh2 cxd5 29. Nxd5 Bd6+ 30. g3 Qxa5 31. Nd4 Qa4 32. Qd2 Bc5 33. Ne7+ Bxe7
34. Nc6 Bb4 35. Nxb4 Rf8 36. Nd5 Nc5 37. Ne7+ Kh8 38. Qd6 Qc2 39. Ng6+ Kg8 40.
Qxf8+ Kh7 41. Qxf7 Qxg6 42. Qxg6+ Kxg6 43. Re5 Nd3 44. Rd5 Nxf2 45. Rd4 1-0

[Event "España tch División de Honor 2014"]
[Site "Linares ESP"]
[Date "2014.09.04"]
[Round "1.4"]
[White "Svetushkin, Dmitry"]
[Black "Edouard, Romain"]
[Result "1/2-1/2"]
[WhiteElo "2580"]
[BlackElo "2674"]
[PlyCount "120"]
[EventDate "2014.09.04"]
[EventType "team-tourn"]
[EventRounds "7"]
[EventCountry "ESP"]
[Source "lmi"]
[SourceDate "2014.09.04"]
[WhiteTeam "CLUB MAGIC EXTREMADURA"]
[BlackTeam "SESTAO NATURGAS ENERGIA"]

1. e4 c5 2. Nf3 e6 3. d3 Nc6 4. g3 Nf6 5. Bg2 Be7 6. O-O O-O 7. Qe2 d6 8. c3 e5
9. Na3 h6 10. Nc4 Re8 11. Ne3 d5 12. Ne1 d4 13. Nd5 dxc3 14. bxc3 Bf8 15. Nc2
b5 16. Nce3 b4 17. Nxf6+ Qxf6 18. Nd5 Qd8 19. c4 Nd4 20. Qd1 Be6 21. f4 exf4
22. gxf4 Qh4 23. Bb2 Bg4 24. Qe1 Qxe1 25. Raxe1 Rab8 26. Bxd4 cxd4 27. f5 f6
28. Nc7 Re5 29. Bf3 Bh3 30. Bg2 Bxg2 31. Kxg2 Ra5 32. Re2 b3 33. axb3 Rxb3 34.
Rf3 Ra1 35. Ne6 Raa3 36. Nxd4 Rxd3 37. Rxd3 Rxd3 38. Ne6 Rc3 39. Rb2 Bd6 40.
Rd2 Be7 41. Rd7 Kf7 42. c5 Ke8 43. Rc7 a5 44. Nxg7+ Kd8 45. Ne6+ Ke8 46. c6 Bd6
47. Rc8+ Ke7 48. h4 Be5 49. c7 h5 50. Kf2 a4 51. Ke2 a3 52. Ra8 Bxc7 53. Nxc7
Rxc7 54. Rxa3 Rc2+ 55. Ke3 Rh2 56. Ra7+ Kf8 57. Kd4 Rxh4 58. Kd5 Rf4 59. Ke6
Rxe4+ 60. Kxf6 h4 1/2-1/2